000 00218 a2200097 4500
001 7043
100 _aIbrahim, S.M
245 _aTarikh-e-Tibri(Haroon-ul-Rashid)
260 _a
_bNafees Academy
_c
090 _c5813
_d5813
942 _aNUST-CAE
_cM
_c32282
999 _c242116
_d242116